World of tanks blitz: All tanks complete - Statistics

General Stats
  • This quiz has been taken 51 times
    10 since last reset
  • The average score is 92 of 660
Answer Stats
Tier Nation Type Tank % Correct
I USA (Deprecated) light T1
83%
VI USSR heavy KV-2
67%
VII Germany medium Panther/M10
67%
VI France light AMX 12 t
50%
VIII France heavy AMX 50 100
50%
IX France heavy AMX 50 120
50%
X France heavy AMX 50 B
50%
V France light AMX ELC Bis
50%
VII France heavy AMX M4 45
50%
VI France heavy ARL 44
50%
II USSR td AT-1
50%
VIII UK td AT 15
50%
X France light B-C 25 t
50%
IX France light B-C 25 t AP
50%
V France heavy BDR G1 B
50%
VIII Sweden heavy Emil I
50%
IX Sweden heavy Emil II
50%
IX France td Foch
50%
X France td Foch 155
50%
X UK heavy FV215b
50%
X UK td FV215b 183
50%
IV Germany td Hetzer
50%
X Japan td Ho-Ri
50%
VII USSR heavy IS
50%
X Sweden heavy Kranvagn
50%
V USSR heavy KV-1
50%
VII USSR heavy KV-3
50%
VIII USSR heavy KV-4
50%
VII Sweden medium Leo
50%
X USSR td Object 268/4
50%
I Germany light Pz. II
50%
III Germany medium Pz. III
50%
V Germany medium Pz. III/IV
50%
VII USA heavy T29
50%
VIII USA heavy T32
50%
VIII USA heavy T34
50%
V USSR medium T-34
50%
VII Czechoslovakia medium T-34/100
50%
IX USA td T95
50%
IX UK td Tortoise
50%
IV UK td Alecto
33%
VII France light AMX 13 57
33%
VII France light AMX 13 75
33%
VIII France light AMX 13 90
33%
V UK td AT 2
33%
VI UK td AT 8
33%
IV France heavy B1
33%
IX UK medium Centurion 7/1
33%
VIII Australia medium Centurion Mk. 5/1
33%
VI USA light Chaffee
33%
VIII UK td Charioteer
33%
IX UK heavy Conqueror
33%
IX UK td Conway
33%
II UK light Cruiser I
33%
I UK light Cruiser II
33%
II UK medium Cruiser III
33%
III UK medium Cruiser IV
33%
V UK light Crusader
33%
X Poland medium CS-63
33%
II France light D1
33%
VII Hybrid Nation medium Dracula
33%
VII Hybrid Nation heavy E-10
33%
X Germany heavy E 100
33%
IX Germany medium E 50
33%
X Germany medium E 50 M
33%
VIII Germany td Ferdinand
33%
X UK td FV4005
33%
VII Hybrid Nation heavy Gravedigger
33%
X Germany td Grille 15
33%
VII Hybrid Nation td Helsing
33%
VII China heavy IS-2
33%
VIII USSR heavy IS-3
33%
X USSR heavy IS-4
33%
X USSR heavy IS-7
33%
IX Germany td Jagdtiger
33%
VII Japan heavy Ju-To
33%
IV Sweden medium Lago
33%
V Germany light Leopard
33%
III USA light Locust
33%
IX USA heavy M103
33%
I USA light M2 Light
33%
IV USA medium M3 Lee
33%
II USA light M3 Stuart
33%
V USA medium M4 Sherman
33%
VI USA heavy M6
33%
X Germany heavy Maus
33%
X Italy td Minotauro
33%
X USSR td Object 268
33%
VII Germany medium Panther
33%
VIII Germany medium Panther II
33%
VIII USA medium Pershing
33%
V Germany medium Pz. V/IV
33%
X USA light Sheridan
33%
VIII Sweden medium Strv 81
33%
V Sweden medium Strv M/42
33%
X USA td T110E3
33%
X USA td T110E4
33%
X USA heavy T110E5
33%
V USA heavy T1 Heavy
33%
VII USA td T25/2
33%
I USSR light T-26
33%
VI USA light T37
33%
VIII USA light T49
33%
IX USSR medium T-54
33%
X USA heavy T57 Heavy
33%
IX USA light T92E1
33%
VII Germany heavy Tiger I
33%
VIII Germany heavy Tiger II
33%
X UK light Vickers Light
33%
VIII Germany heavy VK 100.01 (P)
33%
X Germany heavy VK 90.01 (P)
33%
X China heavy WZ-113
33%
X China medium WZ-121
33%
VII Hybrid Nation medium Y5 ELC Bis
33%
VI Hybrid Nation medium Y5 Firefly
33%
II Poland light 10TP
17%
III Poland light 14TP
17%
IX Poland heavy 50TP Prototyp
17%
IX Poland heavy 50TP Tyszkiewicza
17%
X Poland heavy 60TP Lewandowskiego
17%
IV Australia medium AC 1 Sentinel
17%
VIII UK heavy Action X
17%
IX USA heavy AE Phase I
17%
VII France medium AMX 13 M24
17%
IX France medium AMX 30 1er Prot.
17%
X France medium AMX 30 B
17%
II France medium AMX 38
17%
IV France medium AMX 40
17%
VII France td AMX AC 46
17%
VIII France td AMX AC 48
17%
VIII France td AMX CDA 105
17%
VIII France medium AMX CDC
17%
VIII Hybrid France light AMX Defender
17%
VIII France heavy AMX M4 49
17%
X France heavy AMX M4 mle. 54
17%
VI Hybrid France light AMXmas
17%
V UK td Angry Connor
17%
VII Hybrid Nation heavy Annihilator
17%
VIII France medium A.P. AMX 30
17%
IX Hybrid Nation td Argonaut
17%
VI France td ARL V39
17%
VIII USA medium ASTRON Rex
17%
VII UK td AT 15A
17%
VII UK td AT 7
17%
VII Hybrid Nation medium Basilisk
17%
VI Italy td Bassotto
17%
IX France light B-C 25 t Avenir
17%
VIII France medium B-C Bourrasque
17%
VII UK heavy Black Prince
17%
VI Hybrid UK heavy Blasteroid
17%
VI Hybrid USA medium BLTZ9000
17%
VI France medium Bretagne Panther
17%
VI Poland medium B.U.G.I
17%
VIII UK heavy Caernarvon
17%
VIII Hybrid UK heavy Caernarvon Defender
17%
VIII UK heavy Caliban
17%
IX Italy td CC 1 Mk. 2
17%
IX France medium Char Futur 4
17%
VIII UK heavy Charlemagne
17%
VI Hybrid France td Charles
17%
VIII UK heavy Chieftain
17%
X UK heavy Chieftain Mk. 6
17%
III China | Japan medium Chi-Ha
17%
IV Japan medium Chi-He
17%
II Japan medium Chi-Ni
17%
V Japan medium Chi-Nu
17%
V Japan medium Chi-Nu Kai
17%
VII Japan medium Chi-Ri
17%
VIII Japan heavy Chi-Se
17%
VI Japan medium Chi-To
17%
VII Japan td Chi-To SPG
17%
VIII USA heavy Chrysler K
17%
V UK heavy Churchill I
17%
VI UK heavy Churchill Mk. VI
17%
VI UK heavy Churchill VII
17%
VI UK heavy Churchill VIII
17%
VI Hybrid UK heavy Churchill W
17%
IX UK medium Cobra
17%
VII UK medium Comet
17%
X USA heavy Concept 1B
17%
IV UK light Covenanter
17%
VI UK medium Cromwell
17%
VII Poland medium CS-52 LIS
17%
VI Hybrid USA heavy Cyborg
17%
III France heavy D2
17%
IX Germany heavy E 75
17%
VII Hybrid Nation medium Edelweiss
17%
VIII Sweden td Emil 1951
17%
VI Hybrid USA td Enforcer
17%
VIII France medium ERAC 105 Proto
17%
VI Hybrid France heavy Eraser BP44
17%
V UK heavy Excelsior
17%
IX Hybrid Nation heavy Fänrik
17%
III France td FCM 36 Pak 40
17%
VIII France medium FCM 50 t
17%
VI Hybrid Japan heavy Ferrum
17%
VI Hybrid Japan medium Firefly Saunders SP
17%
VI Hybrid USA light Frosty
17%
I France (Deprecated) light FT
17%
II France td FT AC
17%
VI Hybrid USA medium Fury
17%
VIII UK light FV1066 Senlac
17%
VII UK heavy FV201 (A45)
17%
X UK td FV217 Badger
17%
VIII UK light FV301
17%
IX UK heavy FV4201 Chieftain Proto
17%
X UK medium FV4202
17%
VIII UK td GSOR 1008
17%
VIII UK td GSOR Fearless
17%
VII Hybrid Nation medium Hafen
17%
I Japan light Ha-Go
17%
VII Hybrid Nation medium Hazard I
17%
VI USA td Hellcat
17%
IV Hybrid Japan td Hetzer Kamesan SP
17%
V Hybrid USA medium High Score
17%
VIII Japan td Ho-Ri T.I
17%
IX Japan td Ho-Ri T.II
17%
VII Hybrid Japan heavy IS-2 Pravda SP
17%
VIII USSR heavy IS-2Sh
17%
VIII USSR heavy IS-5
17%
VIII USSR heavy IS-6
17%
IX USSR heavy IS-8
17%
VI USA td Jackson
17%
X Germany td Jg.Pz. E 100
17%
VI Germany td Jg.Pz. IV
17%
VI Japan heavy Ju-Nu
17%
IV Japan light Ke-Ho
17%
III Japan light Ke-Ni
17%
III Japan light Ke-Ni Otsu
17%
VII USSR medium KV-13
17%
IX Hybrid Nation heavy KV-JR
17%
VIII Sweden medium Lansen C
17%
X Germany medium Leopard 1
17%
IX Germany medium Leopard PT A
17%
VII Hybrid Nation heavy Lightbringer
17%
II UK light Light VIc
17%
VIII France medium Lorraine 40 t
17%
IX France heavy Lorraine 50 t
17%
VIII France medium Lorraine Fearless
17%
VIII Germany heavy Löwe
17%
I Germany (Deprecated) light L.Tr.
17%
III USA medium M2 Medium
17%
VII USA light M41 Bulldog
17%
VII China light M41D
17%
IX USA medium M46 Patton
17%
X USA medium M48 Patton
17%
VIII France medium M4A1 Rev.
17%
V USA medium M4A2E4
17%
VI USA medium M4A3E2
17%
VI USA medium M4A3E8
17%
VII Egypt medium M4 FL10
17%
III USA light M5 Stuart
17%
X USA medium M60
17%
VII USA heavy M6A2E1
17%
VIII USA heavy M6A2E1 EXP
17%
IV USA medium M7
17%
IV USA td M8A1
17%
VII Hybrid Nation medium Magnate
17%
VI Hybrid USA heavy Magnus
17%
IV UK heavy Matilda
17%
IX Germany heavy Mäuschen
17%
IX USA heavy MBT-B
17%
I UK (Deprecated) medium Medium I
17%
II UK medium Medium II
17%
III UK medium Medium III
17%
V Hybrid Nation heavy Medjay
17%
VIII USA heavy M-III-Yoh
17%
V Japan heavy Mitsu 108
17%
VIII USA heavy M-IV-Yoh
17%
I UK (Deprecated) heavy Mk. I* Heavy Tank
17%
VII Hybrid Nation medium Mutant
17%
VII USA heavy M-VII-Yoh
17%
X USA heavy M-VI-Yoh
17%
IX USA heavy M-V-Yoh
17%
VI Germany td Nashorn
17%
V Hybrid Nation td Nightmare
17%
VI USSR heavy Object 244
17%
X USSR td Object 263
17%
IX USSR td Object 704
17%
VI Italy medium P.43/06 ann.
17%
VI USA heavy Pawlack Tank
17%
VII Hybrid Nation heavy Pharaoh
17%
VI Hybrid France td Pirate
17%
X Italy medium Progetto 65
17%
IX France medium Projet Louis
17%
X France medium Projet Murat
17%
II Germany light Pz. 35 (t)
17%
II Germany light Pz. 38H
17%
III Germany light Pz. 38 (t)
17%
III Germany medium Pz. IV A
17%
V Hybrid Japan medium Pz. IV Ankou SP
17%
V Germany medium Pz. IV G
17%
VIII Hybrid Nation heavy Quetzal
17%
I France medium R35
17%
V Canada medium Ram II
17%
VII Hybrid Nation heavy Rammer
17%
VI Hybrid USA light Ranger
17%
V France heavy Renault G1
17%
VIII Germany td Rhm.-B WT
17%
I Japan (Deprecated light R. Otsu
17%
VI Hybrid USA medium Rudolph
17%
V France td S35 CA
17%
IV France td SAu 40
17%
VIII Hybrid USA heavy Scepter
17%
X Hybrid USA light Sheridan Missile
17%
VII Hybrid Nation heavy Smasher
17%
VII Italy td SMV CC-56
17%
VIII Italy td SMV CC-64
17%
VIII France heavy Somua SM
17%
VIII Japan medium STA-1
17%
X Japan medium STB-1
17%
IX USSR heavy ST-I
17%
VI Sweden medium Strv 74
17%
X Sweden heavy Strv K
17%
V Germany td StuG III
17%
X UK heavy Super Conqueror
17%
VII USA td Super Hellcat
17%
VII Hybrid Sweden medium Svear
17%
X USSR light T-100 LT
17%
V USA heavy T14
17%
III Germany light T-15
17%
II USA td T18
17%
II USA light T1E6
17%
VII USA medium T20
17%
VI USA light T21
17%
VII USA medium T23E3
17%
V Germany medium T-25
17%
VII USA td T25 AT
17%
VIII USA medium T25 Pilot 1
17%
VII USA medium T26E3 Eagle 7
17%
VIII USA medium T26E4
17%
VIII USA heavy T26E5
17%
VIII USA td T28
17%
VIII Hybrid USA td T28 Defender
17%
VII USA td T28 HTC
17%
VIII USA td T28 Prot.
17%
II USA light T2 Light
17%
II USA medium T2 Medium
17%
IX USA td T30
17%
VII China medium T-34-1
17%
VIII USA heavy T34 (1776)
17%
VI USSR medium T-34-85
17%
IV USA td T40
17%
VII USA medium T42
17%
VIII USSR medium T-44
17%
VII USA (Deprecated) light T49 A
17%
VIII USA light T49 Fearless
17%
IX USA medium T54E1
17%
VIII USA heavy T54E2
17%
V USA td T67
17%
VIII USA medium T69
17%
IV USA medium T6E1 Grizzly
17%
VII USA light T71
17%
VIII USA heavy T77
17%
II USA light T7 Car
17%
III USA td T82
17%
VIII USA medium T95E2
17%
X USA heavy T95E6
17%
VII Hybrid Germany heavy Tankenstein
17%
VI Hybrid Japan heavy Tiger Kuromorimine SP
17%
VII Germany heavy Tiger (P)
17%
VIII Hybrid Nation heavy Titan Strife
17%
IX USA heavy TL-7-120
17%
VI UK heavy TOG II*
17%
VIII Sweden heavy Tornvagn
17%
VIII USA td TS-5
17%
VIII USA td TS-60
17%
VIII Hybrid Nation medium TSL-7 Defender
17%
VIII Japan heavy Type 57
17%
VIII Japan td Type 5 Ka-Ri
17%
IX Japan medium Type 61
17%
IX Japan heavy Type 68
17%
X Japan heavy Type 71
17%
II UK td UC 2-pdr
17%
III France td UE 57
17%
III UK td Valentine AT
17%
IV UK light Valentine Mk. IX
17%
IX UK light Vickers CR
17%
VIII Germany heavy VK 168.01 (P)
17%
VI Germany medium VK 30.01 D
17%
V Germany heavy VK 30.01 H
17%
VII Germany medium VK 30.02 D
17%
VI Germany heavy VK 36.01 H
17%
I Hybrid Nation (Deprecated) medium Warduck
17%
V USA td Wolverine
17%
X USA td XM66F
17%
V Hybrid Nation medium Y5 T-34
17%
VIII China heavy 112 Glacial
0%
X China heavy 114 SP2
0%
X China heavy 116-F3
0%
X China medium 121B
0%
VI Poland heavy 40TP Habicha
0%
VII Poland heavy 45TP Habicha
0%
VIII Poland heavy 53TP Markowskiego
0%
VI China light 59-16
0%
VIII China medium 59-Patton
0%
IV USSR light A-20
0%
V UK medium A25 Harry Hopkins
0%
IV USSR medium A-32
0%
VII UK light A46 Different
0%
VI Australia medium AC IV Sentinel
0%
VI Hybrid Czechoslovakia medium Aeonix
0%
VI Hybrid Germany light Agent
0%
VII Germany light Aufkl. Panther
0%
VI Hybrid Germany heavy Barkhan
0%
VIII Italy heavy Bisonte C45
0%
II USSR light BT-2
0%
III USSR light BT-7
0%
III USSR light BT-7 art.
0%
III USSR light BT-SV
0%
VIII China heavy BZ-166
0%
IX China heavy BZ-176
0%
VII China heavy BZ-58
0%
IX China heavy BZ-58-2
0%
IX China heavy BZ-68
0%
IX China heavy BZ-74-1
0%
X China heavy BZ-75
0%
X Italy medium Carro 45 t
0%
VII Italy heavy Carro D'Assalto P.88
0%
VIII UK medium Centurion I
0%
VII UK td Challenger
0%
VIII UK medium Chimera
0%
VI UK td Churchill GC
0%
V USSR heavy Churchill III
0%
VI UK medium Cromwell B
0%
VII Poland medium CS-44
0%
VIII Poland medium CS-53
0%
IX Poland medium CS-59
0%
VIII Hybrid UK medium Defender Mk. I
0%
VI Germany td Dicker Max
0%
VI Hybrid UK td Dreadnaught
0%
V Poland medium DS PZInz
0%
VIII Hybrid Nation td DTH-STR
0%
IV Germany heavy D.W. 2
0%
VII Germany td E 25
0%
VIII Germany heavy E 75 TS
0%
VIII Germany td Elefant
0%
VII Hybrid Nation light Endurance
0%
VI Hybrid Germany td Epsilon
0%
IX Germany medium Erich Konzept I
0%
VI Hybrid UK medium Explorer
0%
VIII Hybrid Nation medium Fixer
0%
VII Hybrid Nation heavy Forest Witch
0%
IX Hybrid Nation medium Glacier
0%
III Germany heavy Grobtraktor
0%
VIII Hybrid Nation heavy Groundtank
0%
VIII Germany light HWK 30
0%
VI Hybrid Germany heavy Icebreaker
0%
VIII Germany medium Indien-Pz.
0%
VII USSR heavy IS-2 (1945)
0%
VII USSR heavy IS-2 Shielded
0%
VIII Hybrid USSR heavy IS-3 Defender
0%
VIII USSR heavy IS-6 Fearless
0%
VII USSR td ISU-122S
0%
VIII USSR td ISU-130
0%
VIII USSR td ISU-152
0%
VIII Germany td JgTig.8,8 cm
0%
VIII Germany td JgTig.8,8 cm (2015)
0%
VII Germany td Jpanther
0%
VIII Germany td Jpanther II
0%
VIII USSR heavy K-2
0%
IX USSR heavy K-91
0%
VIII Germany td Kanonenjagdpanzer
0%
VIII Germany heavy Keiler
0%
VIII Germany medium Kpz 07 RH
0%
X Germany medium Kpz 50 t
0%
IX Germany heavy Kpz. 70
0%
VIII Germany medium Kpz. Pr.68 (P)
0%
V Germany medium Krupp-38(D)
0%
VI Hybrid Germany td Kryos
0%
VII Germany light Kunze Panzer
0%
VI USSR heavy KV-1S
0%
V USSR heavy KV-220 T
0%
VIII Germany light leKpz M 41 90 mm
0%
X Italy medium Lion
0%
IX Germany light LKpz.70 K
0%
VI USSR medium Loza's Sherman
0%
VIII USSR light LT-432
0%
VII USSR light LTG
0%
III USSR light LTP
0%
VII USSR light LTTB
0%
II China light LT Vz. 38
0%
IV Germany light Luchs
0%
VII Hybrid Nation heavy Lupus
0%
VII Hybrid Nation heavy Lycan
0%
III USSR light M3 Light
0%
VIII Germany medium M48A2 Räumpanzer
0%
IV China light M5A1 Stuart
0%
III Germany td Marder II
0%
V UK medium Matilda BP
0%
V USSR medium Matilda IV
0%
IX Hybrid Nation medium Mau5Tank
0%
II USSR light MS-1
0%
I USSR (Deprecated) light MS-1 mod. 1
0%
VI USSR light MT-25
0%
VII Hybrid Nation heavy Nameless
0%
I China (Deprecated) light NC-31
0%
VIII Hybrid Nation medium Nebulon
0%
VIII Hybrid Nation medium O-47
0%
X USSR medium Object 140
0%
VIII USSR heavy Object 252U
0%
X USSR heavy Object 260
0%
VIII USSR medium Object 274a
0%
IX USSR heavy Object 452K
0%
VIII USSR medium Object 590
0%
IX USSR heavy Object 752
0%
X USSR heavy Object 777 II
0%
IX USSR light Object 84
0%
X USSR medium Object 907
0%
VI Hybrid Czechoslovakia heavy Outcast
0%
VI Hybrid China medium Ox
0%
VI Italy medium P.43 Bis
0%
VII Italy medium P.43 Ter
0%
VIII Italy medium P.44 Pantera
0%
VI Hybrid China td Panlong
0%
VIII Germany medium Panther 8,8
0%
VIII Switzerland medium Panzer 58
0%
VII Hybrid Nation heavy Predator UM
0%
VIII Italy medium Progetto 46
0%
IX Italy heavy Progetto C50 mod. 66
0%
VIII Italy heavy Progetto CC55 mod. 54
0%
IX Germany heavy Projekt Kpz. 07P(E)
0%
VI Poland medium Pudel
0%
IV Germany light Pz. 38 nA
0%
IV Germany heavy Pz. B2
0%
III Germany light Pz. II G
0%
III Germany light Pz. III A
0%
III Germany light Pz. II J
0%
IV Germany medium Pz. IV D
0%
V Germany medium Pz. IV Gargoyle
0%
V Germany medium Pz. IV hydr.
0%
VI Germany medium Pz. IV S.
0%
II Germany td Pz.Jäg. I
0%
III Germany medium Pz. S35
0%
V Germany td Pz.Sfl. Ivc
0%
IX Hybrid Nation heavy Regressor
0%
X Italy heavy Rinoceronte
0%
VI Hybrid Nation light Rover
0%
VIII Germany light RU 251
0%
V Hybrid Nation medium Scavenger
0%
VIII Switzerland medium Schwarzpanzer 58
0%
V Italy td Semovente M41
0%
VI Hybrid Italy medium Shadowhunter
0%
VI UK medium Sherman Firefly
0%
V UK medium Sherman V
0%
VIII Czechoslovakia td ShPTK-TVP 100
0%
VII Hybrid Nation td Silencer
0%
VI Czechoslovakia heavy Skoda P-JS
0%
VI Czechoslovakia medium Skoda T-25
0%
VIII Czechoslovakia medium Skoda T-27
0%
VII Czechoslovakia heavy Skoda T-45
0%
IX Czechoslovakia medium Skoda T-50
0%
VIII Czechoslovakia heavy Skoda T-56
0%
VIII Germany td Skorpion G
0%
VIII Italy td SMV CC-64 Vipera
0%
VIII Hybrid Nation td Souleater
0%
VI Hybrid Czechoslovakia medium Spark
0%
VII Germany light SP I C
0%
V Hybrid Nation medium Spike
0%
VIII USSR medium ST-62 Ver. 2
0%
IX Italy medium Standard B
0%
VII Germany td St. Emil
0%
VII Germany td Steyr WT
0%
VIII USSR medium STG
0%
VI Hybrid Sweden medium Strv 74A2
0%
VI USSR td SU-100
0%
VII USSR td SU-100M1
0%
VI USSR td SU-100Y
0%
VIII USSR td SU-101
0%
VII USSR td SU-122-44
0%
IX USSR td SU-122-54
0%
VIII USSR td SU-130PM
0%
VII USSR td SU-152
0%
III USSR td SU-76
0%
III USSR td SU-76I
0%
V USSR td SU-85
0%
IV USSR td SU-85B
0%
V USSR td SU-85I
0%
VIII Hybrid Nation light Swindler
0%
III USSR light T-127
0%
VI USSR heavy T-150
0%
VIII USSR heavy T-2020
0%
X USSR medium T-22 Medium
0%
IV USSR medium T-28 mod. 1940
0%
VIII China medium T-34-2
0%
VII China td T-34-2G FT
0%
VIII China medium T-34-3
0%
VII USSR medium T-34-85 Rudy
0%
VI USSR medium T-34-85 Victory
0%
V USSR medium T-34 Shielded
0%
VII USSR medium T-43
0%
VIII USSR medium T-44-100
0%
VII USSR medium T-44-85
0%
III USSR light T-46
0%
VIII USSR light T-54 ltwt.
0%
VIII USSR medium T-54 Mod. 1
0%
IX Eastern Europe medium T-55A
0%
X USSR medium T-62A
0%
III USSR light T-70/57
0%
II USSR light Tetrarch
0%
VI Hybrid USSR heavy Thunder
0%
VI Germany heavy Tiger 131
0%
VIII Hybrid Nation medium Titan-54d
0%
VIII Hybrid Nation td Titan Charioteer
0%
VII Hybrid Nation heavy Titan H-Nd
0%
V Hybrid Nation light Titan Mk. I
0%
VI Hybrid Nation heavy Titan T-150
0%
VI Hybrid Nation light Titan T24 57
0%
VIII Czechoslovakia heavy TNH 105/1000
0%
IX Czechoslovakia heavy TNH T Vz. 51
0%
VI Hybrid USSR medium Triumphant
0%
VI Hybrid Sweden medium Turbo
0%
VIII UK td Turtle Mk. I
0%
X Czechoslovakia medium TVP 50/51
0%
VIII Czechoslovakia medium TVP VTU
0%
VI China medium Type 58
0%
VIII China medium Type 59
0%
VII China light Type 62
0%
VI China light Type 64
0%
V China medium Type T-34
0%
VI Hybrid Germany medium U-Panzer
0%
I China light VAE Type B
0%
IV USSR light Valentine II
0%
VIII UK medium Vickers MBT Mk. 3
0%
I Finland light Vickers Mk. F
0%
VII Hybrid Nation td Vindicator UM
0%
VI Germany light VK 28.01
0%
VI Germany medium VK 30.01 P
0%
VI Germany medium VK 30.02 M
0%
VIII Germany heavy VK 45.02 A
0%
IX Germany heavy VK 45.02 B
0%
VII Germany heavy VK 45.03
0%
X Germany heavy VK 72.01 K
0%
VII Hybrid Nation heavy Vulcan
0%
VII Czechoslovakia heavy Vz. 44-1
0%
X Czechoslovakia heavy Vz. 55
0%
X Germany td Waffen F1.0
0%
VI Hybrid China light Wind
0%
IX Germany td WT auf Pz. IV
0%
IX Germany td WT Ritter
0%
VIII China heavy WZ-110
0%
VIII China heavy WZ-111
0%
IX China heavy WZ-111 1-4
0%
VIII China td WZ-111-1G FT
0%
X China heavy WZ-111 5A
0%
IX China td WZ-111G FT
0%
VIII China heavy WZ-112-2
0%
X China td WZ-113G FT
0%
IX China heavy WZ-114
0%
IX China medium WZ-120
0%
VIII China td WZ-120-1G FT
0%
VIII China medium WZ-122 TM
0%
VII China light WZ-131
0%
VI China td WZ-131G FT
0%
VIII China light WZ-132
0%
X China light WZ-132-1
0%
IX China light WZ-132A
0%
VII Hybrid Nation td WZ Blaze
0%
No matching quizzes found
Score Distribution
Percent of People with Each Score
Percentile by Number Answered
Your Score History
You have not taken this quiz since the last reset